Le Petit Prince - Le roman - Statistiques

Statistiques générales
  • Ce quiz a été pris 6 930 fois
  • Le résultat moyen est 8 sur 15
Statistiques - réponses
Question Réponse % Correct
Qui a écrit ce livre ? Antoine de Saint-Exupéry
96%
Que demande le Petit Prince à l'aviateur de lui dessiner ? "Dessine moi un {mouton}"
90%
Avec près de 550 traductions, Le Petit Prince est le deuxième ouvrage le plus traduit au monde juste après celui-ci. La Bible
87%
Quelle fleur qui lui tient compagnie sur sa planète le Petit Prince regrette-t-il d'avoir laissé seule ? Une rose
87%
Quel animal sage rencontré sur Terre lui apprend l'importance de l'amitié et lui révèle pour secret "On ne voit bien qu’avec le cœur. L’essentiel est invisible pour les yeux." Le renard
80%
Dans son voyage, le Petit Prince rencontre un ___ qui n'a aucun sujet sur qui exercer son autorité. Roi
72%
Dans quel désert le Petit Prince atterrit-il, où il fait la connaissance de l'aviateur ? Le désert du Sahara
64%
Quel genre d'arbre le Petit Prince craint-il de voir pousser sur sa planète, de peur que ses racines ne la rende inutilisable ? Un baobab
53%
L’unique habitant de la cinquième planète a un métier qui a un sens pour le Petit Prince, puisqu'il est ________ de __________ ; qu'il doit allumer et éteindre à chaque minute de la journée. Allumeur de réverbères
39%
Un parc à thème inspiré de cette oeuvre a ouvert en 2014 à Ungersheim. Dans quel département se trouve-t-il ? Haut-Rhin
32%
Ensuite, il croise un ______, seul et désespéré qui passe son temps à boire pour oublier qu’il a honte de boire. Buveur
31%
Sur quel billet les aquarelles du Petit Prince ont-elles figuré entre 1993 et 2002, comportant notamment une faute au nom de l'auteur lors des premiers tirages ? 50 francs
21%
Lors de sa quatrième escale, le Petit Prince rencontre un ___________ qui passe son temps à compter et à recompter les millions d’étoiles qu’il prétend posséder. Businessman
17%
Puis, il rencontre le ________ qui veut absolument être admiré et aimé de tous. Il en devient vite ennuyeux aux yeux du Petit Prince. Vaniteux
16%
Enfin, le _________ est un savant qui ne quitte jamais son bureau. C'est lui qui envoie le Petit Prince sur Terre. Géographe
15%
Aucun quiz correspondant
Distribution des résultats
% des personnes avec chaque résultat
Percentile par nombre de réponses
Votre historique - résultats
Vous n’avez pas pris ce quiz